[Event "POHÁR města Říčany 2023"]
[Site "Městské kulturní středisko U labutě"]
[Date "2023.08.28"]
[Round "4.9"]
[White "Siles, Jan"]
[Black "Vojta, Jakub"]
[Result "0-1"]
[WhiteFideId "23715405"]
[BlackFideId "382515"]
[WhiteElo "1869"]
[BlackElo "2288"]
[PlyCount "0"]
[EventDate "2023.08.26"]

1. d4 {[%clk 01:30:55]} {[%emt 00:00:03]} d5 {[%clk 01:30:41]} {[%emt
00:00:19]} 2. Nf3 {[%clk 01:30:58]} {[%emt 00:00:27]} Nf6 {[%clk 01:31:01]}
{[%emt 00:00:10]} 3. Bf4 {[%clk 01:31:03]} {[%emt 00:00:25]} c5 {[%clk
01:31:25]} {[%emt 00:00:06]} 4. e3 {[%clk 01:30:45]} {[%emt 00:00:49]} Nc6
{[%clk 01:31:27]} {[%emt 00:00:28]} 5. c3 {[%clk 01:30:33]} {[%emt 00:00:43]}
Qb6 {[%clk 01:31:54]} {[%emt 00:00:02]} 6. Qc1 {[%clk 01:30:11]} {[%emt
00:00:53]} Bf5 {[%clk 01:31:03]} {[%emt 00:01:21]} 7. Be2 {[%clk 01:28:45]}
{[%emt 00:01:55]} h6 {[%clk 01:31:14]} {[%emt 00:00:20]} 8. Nbd2 {[%clk
01:28:23]} {[%emt 00:00:52]} e6 {[%clk 01:31:32]} {[%emt 00:00:13]} 9. O-O
{[%clk 01:27:47]} {[%emt 00:01:06]} Rc8 {[%clk 01:31:41]} {[%emt 00:00:21]} 10.
dxc5 {[%clk 01:17:21]} {[%emt 00:10:56]} Bxc5 {[%clk 01:30:58]} {[%emt
00:01:12]} 11. Nb3 {[%clk 01:17:09]} {[%emt 00:00:42]} Be7 {[%clk 01:29:31]}
{[%emt 00:01:58]} 12. Nbd4 {[%clk 01:14:51]} {[%emt 00:02:48]} Bh7 {[%clk
01:28:54]} {[%emt 00:01:06]} 13. Ne5 {[%clk 01:03:01]} {[%emt 00:12:20]} O-O
{[%clk 01:27:51]} {[%emt 00:01:32]} 14. Bd3 {[%clk 00:49:50]} {[%emt 00:13:42]}
Bxd3 {[%clk 01:22:23]} {[%emt 00:05:58]} 15. Nxd3 {[%clk 00:49:53]} {[%emt
00:00:28]} Ne4 {[%clk 01:22:27]} {[%emt 00:00:25]} 16. Qd1 {[%clk 00:47:31]}
{[%emt 00:02:52]} Bd6 {[%clk 01:20:57]} {[%emt 00:02:00]} 17. Bxd6 {[%clk
00:41:19]} {[%emt 00:06:43]} Nxd6 {[%clk 01:19:07]} {[%emt 00:02:20]} 18. Qb3
{[%clk 00:37:50]} {[%emt 00:03:59]} Nc4 {[%clk 01:16:26]} {[%emt 00:03:10]} 19.
Rfd1 {[%clk 00:35:14]} {[%emt 00:03:08]} Qc7 {[%clk 01:12:45]} {[%emt
00:04:11]} 20. Nf4 {[%clk 00:29:57]} {[%emt 00:05:48]} Rfd8 {[%clk 01:10:19]}
{[%emt 00:02:55]} 21. Nfxe6 {[%clk 00:24:44]} {[%emt 00:05:44]} fxe6 {[%clk
01:07:25]} {[%emt 00:03:24]} 22. Nxe6 {[%clk 00:25:12]} Qf7 {[%clk 01:06:54]}
{[%emt 00:01:01]} 23. Nxd8 {[%clk 00:25:30]} {[%emt 00:00:11]} Rxd8 {[%clk
01:07:21]} {[%emt 00:00:04]} 24. Qc2 {[%clk 00:24:29]} {[%emt 00:01:31]} Rf8
{[%clk 01:06:13]} {[%emt 00:01:37]} 25. Qe2 {[%clk 00:21:17]} {[%emt 00:03:44]}
Qe6 {[%clk 01:00:03]} {[%emt 00:06:39]} 26. b3 {[%clk 00:20:24]} {[%emt
00:01:24]} Nd6 {[%clk 01:00:16]} {[%emt 00:00:16]} 27. Qd3 {[%clk 00:18:29]}
{[%emt 00:02:25]} Rf5 {[%clk 00:56:52]} {[%emt 00:03:54]} 28. c4 {[%clk
00:17:21]} {[%emt 00:01:38]} Qg6 {[%clk 00:52:49]} {[%emt 00:04:32]} 29. f4
{[%clk 00:15:50]} {[%emt 00:02:02]} Ne7 {[%clk 00:49:25]} {[%emt 00:03:53]} 30.
cxd5 {[%clk 00:14:31]} {[%emt 00:01:50]} Nxd5 {[%clk 00:48:36]} {[%emt
00:01:18]} 31. Rac1 {[%clk 00:14:34]} {[%emt 00:00:28]} Qg4 {[%clk 00:46:45]}
{[%emt 00:02:20]} 32. Rd2 {[%clk 00:11:52]} {[%emt 00:03:12]} Rh5 {[%clk
00:36:19]} {[%emt 00:10:56]} 33. g3 {[%clk 00:03:11]} {[%emt 00:09:12]} Nf7
{[%clk 00:33:50]} {[%emt 00:02:58]} 34. Rdc2 {[%clk 00:02:58]} {[%emt
00:00:43]} Nd6 {[%clk 00:32:18]} {[%emt 00:02:01]} 35. Rd2 {[%clk 00:03:00]}
{[%emt 00:00:29]} Ne8 {[%clk 00:29:30]} {[%emt 00:03:18]} 36. Qc4 {[%clk
00:02:29]} {[%emt 00:01:00]} Qf3 {[%clk 00:29:40]} {[%emt 00:00:21]} 37. e4
{[%clk 00:01:27]} {[%emt 00:01:33]} Qe3+ {[%clk 00:28:26]} {[%emt 00:01:43]} 38.
Rf2 {[%clk 00:01:56]} {[%emt 00:00:01]} Nd6 {[%clk 00:28:44]} {[%emt 00:00:11]}
39. Qc5 {[%clk 00:00:54]} {[%emt 00:01:33]} Qxc5 {[%clk 00:28:34]} {[%emt
00:00:40]} 40. Rxc5 {[%clk 00:01:23]} {[%emt 00:00:01]} Nxe4 {[%clk 00:28:56]}
{[%emt 00:00:07]} 41. Rc8+ {[%clk 00:01:41]} {[%emt 00:00:11]} Kh7 {[%clk
00:24:53]} {[%emt 00:04:34]} 42. Re2 {[%clk 00:01:52]} {[%emt 00:00:19]} Ndf6
{[%clk 00:24:42]} {[%emt 00:00:41]} 43. Rc7 {[%clk 00:01:29]} {[%emt 00:00:53]}
Rb5 {[%clk 00:25:08]} {[%emt 00:00:04]} 44. Kg2 {[%clk 00:01:21]} {[%emt
00:00:38]} Nd5 {[%clk 00:24:59]} {[%emt 00:00:39]} 45. Rd7 {[%clk 00:01:08]}
{[%emt 00:00:43]} Nef6 {[%clk 00:25:12]} {[%emt 00:00:18]} 46. Rd6 {[%clk
00:01:01]} {[%emt 00:00:36]} Rc5 {[%clk 00:25:17]} {[%emt 00:00:25]} 47. Rd2
{[%clk 00:00:47]} {[%emt 00:00:45]} Ne3+ {[%clk 00:25:09]} {[%emt 00:00:38]} 48.
Kf3 {[%clk 00:01:02]} {[%emt 00:00:14]} Nf5 {[%clk 00:25:16]} {[%emt 00:00:21]}
49. Rxf6 {[%clk 00:00:42]} {[%emt 00:00:52]} gxf6 {[%clk 00:25:40]} {[%emt
00:00:05]} 50. Rd7+ {[%clk 00:01:11]} {[%emt 00:00:01]} Kg6 {[%clk 00:25:05]}
{[%emt 00:01:05]} 51. Rxb7 {[%clk 00:01:15]} {[%emt 00:00:26]} a5 {[%clk
00:24:38]} {[%emt 00:00:58]} 52. Ra7 {[%clk 00:01:04]} {[%emt 00:00:42]} h5
{[%clk 00:24:14]} {[%emt 00:00:52]} 53. Ra8 {[%clk 00:00:38]} {[%emt 00:00:56]}
Nd6 {[%clk 00:23:17]} {[%emt 00:01:27]} 54. h3 {[%clk 00:00:39]} {[%emt
00:00:29]} Rc3+ {[%clk 00:23:37]} {[%emt 00:00:10]} 55. Kf2 {[%clk 00:00:58]}
{[%emt 00:00:11]} Rc2+ {[%clk 00:21:13]} {[%emt 00:02:55]} 56. Kf3 {[%clk
00:01:27]} Rxa2 {[%clk 00:21:27]} {[%emt 00:00:15]} 57. g4 {[%clk 00:01:39]}
{[%emt 00:00:18]} Ra3 {[%clk 00:21:32]} {[%emt 00:00:25]} 58. gxh5+ {[%emt
00:01:02]} Kxh5 {[%clk 00:21:50]} {[%emt 00:00:04]} 59. Kg2 {[%clk 00:01:09]}
{[%emt 00:00:37]} Nb7 {[%clk 00:21:07]} {[%emt 00:01:13]} 60. Ra6 {[%clk
00:01:00]} Kg6 {[%clk 00:17:11]} {[%emt 00:05:05]} 61. Rb6 {[%clk 00:01:17]}
Nc5 {[%clk 00:16:52]} {[%emt 00:01:03]} 62. b4 {[%clk 00:01:24]} {[%emt
00:00:23]} axb4 {[%clk 00:17:14]} {[%emt 00:00:08]} 63. Rxb4 {[%clk 00:01:47]}
{[%emt 00:00:06]} Nd3 {[%clk 00:17:12]} {[%emt 00:00:32]} 64. Rc4 {[%clk
00:01:04]} {[%emt 00:01:13]} Kf5 {[%clk 00:17:31]} {[%emt 00:00:10]} 65. h4
{[%clk 00:00:40]} {[%emt 00:00:55]} Nxf4+ {[%clk 00:17:56]} {[%emt 00:00:04]}
66. Kf2 {[%clk 00:00:59]} {[%emt 00:00:11]} Rh3 {[%clk 00:18:14]} {[%emt
00:00:12]} 67. Rc5+ {[%clk 00:01:07]} {[%emt 00:00:23]} Kg4 {[%clk 00:18:32]}
{[%emt 00:00:11]} 68. Rc6 {[%clk 00:00:48]} {[%emt 00:00:50]} f5 {[%clk
00:18:46]} {[%emt 00:00:16]} 69. Rc8 {[%clk 00:00:52]} {[%emt 00:00:26]} Rf3+
{[%clk 00:19:08]} {[%emt 00:00:08]} 70. Kg1 {[%clk 00:01:06]} {[%emt 00:00:17]}
Kxh4 {[%clk 00:19:16]} {[%emt 00:00:21]} 71. Rg8 {[%clk 00:01:00]} {[%emt
00:00:36]} Rg3+ {[%clk 00:19:35]} {[%emt 00:00:11]} 0-1

[Event "POHÁR města Říčany 2023"]
[Site "Městské kulturní středisko U labutě"]
[Date "2023.08.28"]
[Round "4.10"]
[White "Taborsky, Rostislav"]
[Black "Pisar, Tomas"]
[Result "1-0"]
[WhiteFideId "307491"]
[BlackFideId "23701501"]
[WhiteElo "2153"]
[BlackElo "1861"]
[PlyCount "0"]
[EventDate "2023.08.26"]

1. c4 {[%clk 01:26:00]} {[%emt 00:05:00]} Nf6 {[%clk 01:21:13]} {[%emt
00:09:47]} 2. Nc3 {[%clk 01:26:25]} {[%emt 00:00:05]} d5 {[%clk 01:21:40]}
{[%emt 00:00:04]} 3. cxd5 {[%clk 01:26:48]} {[%emt 00:00:07]} Nxd5 {[%clk
01:22:07]} {[%emt 00:00:04]} 4. g3 {[%clk 01:27:08]} {[%emt 00:00:09]} g6
{[%clk 01:22:01]} {[%emt 00:00:36]} 5. Bg2 {[%clk 01:27:34]} {[%emt 00:00:03]}
Nxc3 {[%clk 01:22:15]} {[%emt 00:00:17]} 6. bxc3 {[%clk 01:27:57]} {[%emt
00:00:06]} Bg7 {[%clk 01:22:12]} {[%emt 00:00:33]} 7. Rb1 {[%clk 01:28:11]}
{[%emt 00:00:16]} O-O {[%clk 01:21:46]} {[%emt 00:00:56]} 8. Rxb7 {[%clk
01:26:54]} {[%emt 00:01:48]} Bxb7 {[%clk 01:21:03]} {[%emt 00:01:13]} 9. Bxb7
{[%clk 01:27:22]} {[%emt 00:00:02]} Nd7 {[%clk 01:20:56]} {[%emt 00:00:37]} 10.
Bxa8 {[%clk 01:27:40]} {[%emt 00:00:12]} Qxa8 {[%clk 01:21:23]} {[%emt
00:00:03]} 11. Nf3 {[%clk 01:27:55]} {[%emt 00:00:15]} Ne5 {[%clk 01:20:16]}
{[%emt 00:01:37]} 12. O-O {[%clk 01:27:21]} {[%emt 00:01:02]} Nxf3+ {[%clk
01:20:38]} {[%emt 00:00:07]} 13. exf3 {[%clk 01:27:45]} {[%emt 00:00:06]} Rd8
{[%clk 01:09:37]} {[%emt 00:11:32]} 14. Qe2 {[%clk 00:48:21]} {[%emt 00:39:54]}
e5 {[%clk 00:56:02]} {[%emt 00:14:05]} 15. d3 {[%clk 00:42:49]} {[%emt
00:06:02]} Qd5 {[%clk 00:53:55]} {[%emt 00:02:37]} 16. Rd1 {[%clk 00:34:11]}
{[%emt 00:09:08]} f5 {[%clk 00:42:02]} {[%emt 00:12:24]} 17. c4 {[%clk
00:28:35]} {[%emt 00:06:06]} Qa5 {[%clk 00:40:58]} {[%emt 00:01:34]} 18. Qc2
{[%clk 00:21:23]} {[%emt 00:07:40]} Re8 {[%clk 00:30:53]} {[%emt 00:10:36]} 19.
Qb3 {[%clk 00:17:59]} {[%emt 00:03:54]} Bf8 {[%clk 00:26:21]} {[%emt 00:05:02]}
20. Bd2 {[%clk 00:09:42]} {[%emt 00:08:46]} Qa6 {[%clk 00:24:04]} {[%emt
00:02:47]} 21. Be3 {[%clk 00:08:59]} {[%emt 00:01:13]} Qc6 {[%clk 00:20:47]}
{[%emt 00:03:48]} 22. f4 {[%clk 00:07:06]} {[%emt 00:02:23]} exf4 {[%clk
00:19:00]} {[%emt 00:02:16]} 23. c5+ {[%clk 00:04:54]} {[%emt 00:02:43]} Qe6
{[%clk 00:19:01]} {[%emt 00:00:28]} 24. gxf4 {[%clk 00:03:22]} {[%emt
00:02:02]} Qxb3 {[%clk 00:14:43]} {[%emt 00:04:49]} 25. axb3 {[%clk 00:03:51]}
c6 {[%clk 00:13:06]} {[%emt 00:02:07]} 26. Ra1 {[%clk 00:03:14]} {[%emt
00:01:07]} Rb8 {[%clk 00:12:24]} {[%emt 00:01:12]} 27. Ra6 {[%clk 00:01:57]}
{[%emt 00:01:47]} Rxb3 {[%clk 00:12:06]} {[%emt 00:00:47]} 28. d4 {[%clk
00:02:16]} {[%emt 00:00:11]} Rb7 {[%clk 00:09:24]} {[%emt 00:03:13]} 29. Rxc6
{[%clk 00:02:25]} {[%emt 00:00:21]} Rd7 {[%clk 00:09:51]} {[%emt 00:00:02]} 30.
Rc8 {[%clk 00:02:25]} {[%emt 00:00:30]} Kf7 {[%clk 00:10:15]} {[%emt 00:00:06]}
31. c6 {[%clk 00:02:14]} {[%emt 00:00:42]} Rd6 {[%clk 00:09:58]} {[%emt
00:00:47]} 32. d5 {[%clk 00:01:49]} {[%emt 00:00:55]} Be7 {[%clk 00:09:16]}
{[%emt 00:01:12]} 33. c7 {[%clk 00:02:01]} {[%emt 00:00:18]} 1-0

[Event "POHÁR města Říčany 2023"]
[Site "Městské kulturní středisko U labutě"]
[Date "2023.08.28"]
[Round "4.11"]
[White "Stanek, Ondrej"]
[Black "Vavrinec, Tomas"]
[Result "1-0"]
[WhiteFideId "364240"]
[BlackFideId "318353"]
[WhiteElo "2065"]
[BlackElo "1847"]
[PlyCount "0"]
[EventDate "2023.08.26"]

1. d4 {[%clk 01:29:58]} {[%emt 00:01:02]} c5 {[%clk 01:28:09]} {[%emt
00:02:51]} 2. Nf3 {[%clk 01:29:55]} {[%emt 00:00:32]} g6 {[%clk 01:25:35]}
{[%emt 00:03:04]} 3. e4 {[%clk 01:28:39]} {[%emt 00:01:47]} Bg7 {[%clk
01:25:04]} {[%emt 00:01:00]} 4. c3 {[%clk 01:28:16]} {[%emt 00:00:54]} b6
{[%clk 01:19:13]} {[%emt 00:06:22]} 5. dxc5 {[%clk 01:22:43]} {[%emt 00:06:03]}
bxc5 {[%clk 01:19:29]} {[%emt 00:00:12]} 6. Qd5 {[%clk 01:22:33]} {[%emt
00:00:41]} Nc6 {[%clk 01:18:47]} {[%emt 00:01:12]} 7. Bc4 {[%clk 01:19:13]}
{[%emt 00:03:50]} e6 {[%clk 01:18:37]} {[%emt 00:00:40]} 8. Qxc5 {[%clk
01:19:27]} {[%emt 00:00:16]} Nge7 {[%clk 01:18:56]} {[%emt 00:00:11]} 9. Bf4
{[%clk 01:15:44]} {[%emt 00:04:13]} Bb7 {[%clk 01:14:28]} {[%emt 00:04:58]} 10.
Nbd2 {[%clk 01:07:39]} {[%emt 00:08:36]} Rc8 {[%clk 01:14:42]} {[%emt
00:00:16]} 11. Qe3 {[%clk 00:59:35]} {[%emt 00:08:34]} d5 {[%clk 01:12:07]}
{[%emt 00:03:05]} 12. exd5 {[%clk 00:52:59]} {[%emt 00:07:07]} Nxd5 {[%clk
01:10:19]} {[%emt 00:02:17]} 13. Bxd5 {[%clk 00:53:11]} {[%emt 00:00:18]} Qxd5
{[%clk 01:10:39]} {[%emt 00:00:09]} 14. O-O {[%clk 00:52:01]} {[%emt 00:01:40]}
O-O {[%clk 01:08:46]} {[%emt 00:02:23]} 15. Bh6 {[%clk 00:50:30]} {[%emt
00:02:01]} Rfd8 {[%clk 01:06:00]} {[%emt 00:03:16]} 16. Bxg7 {[%clk 00:50:26]}
{[%emt 00:00:35]} Kxg7 {[%clk 01:06:20]} {[%emt 00:00:09]} 17. Rfe1 {[%clk
00:41:33]} {[%emt 00:09:24]} Rd7 {[%clk 00:54:37]} {[%emt 00:12:13]} 18. c4
{[%clk 00:35:47]} {[%emt 00:06:16]} Qf5 {[%clk 00:43:02]} {[%emt 00:12:05]} 19.
Ne4 {[%clk 00:31:00]} {[%emt 00:05:18]} Ne7 {[%clk 00:24:52]} {[%emt 00:18:40]}
20. Qc3+ {[%clk 00:29:06]} {[%emt 00:02:25]} Kf8 {[%clk 00:17:21]} {[%emt
00:08:00]} 21. Ne5 {[%clk 00:18:41]} {[%emt 00:10:55]} Rdd8 {[%clk 00:17:27]}
{[%emt 00:00:24]} 22. f3 {[%clk 00:14:33]} {[%emt 00:04:39]} h5 {[%clk
00:15:05]} {[%emt 00:02:51]} 23. Rad1 {[%clk 00:12:33]} {[%emt 00:02:30]} Bxe4
{[%clk 00:01:20]} {[%emt 00:14:15]} 24. fxe4 {[%clk 00:11:53]} {[%emt
00:01:10]} Qg5 {[%clk 00:01:14]} {[%emt 00:00:35]} 25. Nd7+ {[%clk 00:11:00]}
{[%emt 00:01:23]} Kg8 {[%clk 00:01:20]} {[%emt 00:00:24]} 26. Nf6+ {[%clk
00:11:13]} {[%emt 00:00:17]} Kh8 {[%clk 00:00:51]} {[%emt 00:00:58]} 27. Ne8+
{[%clk 00:06:26]} {[%emt 00:05:17]} e5 {[%clk 00:01:03]} {[%emt 00:00:18]} 28.
Nd6 {[%clk 00:06:45]} {[%emt 00:00:11]} 1-0

[Event "POHÁR města Říčany 2023"]
[Site "Městské kulturní středisko U labutě"]
[Date "2023.08.28"]
[Round "4.12"]
[White "Blazek, Miroslav"]
[Black "Davidek, Zdenek"]
[Result "0-1"]
[WhiteFideId "335215"]
[BlackFideId "23725001"]
[WhiteElo "1849"]
[BlackElo "2051"]
[PlyCount "0"]
[EventDate "2023.08.26"]

1. c4 {[%clk 01:28:21]} {[%emt 00:02:38]} Nf6 {[%clk 01:30:44]} {[%emt
00:00:17]} 2. Nc3 {[%clk 01:26:38]} {[%emt 00:02:12]} e6 {[%clk 01:31:08]}
{[%emt 00:00:07]} 3. g3 {[%clk 01:26:59]} {[%emt 00:00:08]} d5 {[%clk
01:31:34]} {[%emt 00:00:05]} 4. d4 {[%clk 01:27:17]} {[%emt 00:00:11]} dxc4
{[%clk 01:31:50]} {[%emt 00:00:14]} 5. Qa4+ {[%clk 01:27:14]} {[%emt 00:00:34]}
c6 {[%clk 01:32:07]} {[%emt 00:00:14]} 6. Qxc4 {[%clk 01:27:22]} {[%emt
00:00:22]} b5 {[%clk 01:32:28]} {[%emt 00:00:09]} 7. Qd3 {[%clk 01:25:42]}
{[%emt 00:02:09]} Ba6 {[%clk 01:32:46]} {[%emt 00:00:13]} 8. Qd1 {[%clk
01:24:00]} {[%emt 00:02:11]} b4 {[%clk 01:32:42]} {[%emt 00:00:35]} 9. Na4
{[%clk 01:22:00]} {[%emt 00:02:29]} Nbd7 {[%clk 01:32:49]} {[%emt 00:00:22]} 10.
Bg2 {[%clk 01:20:39]} {[%emt 00:01:52]} Rc8 {[%clk 01:31:52]} {[%emt 00:01:27]}
11. Nf3 {[%clk 01:18:49]} {[%emt 00:02:20]} Be7 {[%clk 01:32:09]} {[%emt
00:00:13]} 12. O-O {[%clk 01:15:53]} {[%emt 00:03:26]} O-O {[%clk 01:32:20]}
{[%emt 00:00:18]} 13. Bd2 {[%clk 01:06:18]} {[%emt 00:10:05]} Bb5 {[%clk
01:28:02]} {[%emt 00:04:49]} 14. Rc1 {[%clk 01:02:40]} {[%emt 00:04:07]} c5
{[%clk 00:59:07]} {[%emt 00:29:26]} 15. Nxc5 {[%clk 01:01:02]} {[%emt
00:02:08]} Nxc5 {[%clk 00:59:30]} {[%emt 00:00:06]} 16. dxc5 {[%clk 01:01:16]}
{[%emt 00:00:16]} Rxc5 {[%clk 00:58:26]} {[%emt 00:01:34]} 17. Re1 {[%clk
00:56:52]} {[%emt 00:04:54]} Qd5 {[%clk 00:49:57]} {[%emt 00:09:00]} 18. Rxc5
{[%clk 00:48:19]} {[%emt 00:09:02]} Bxc5 {[%clk 00:48:06]} {[%emt 00:02:20]} 19.
b3 {[%clk 00:46:13]} {[%emt 00:02:36]} Bxf2+ {[%clk 00:28:03]} {[%emt
00:20:33]} 20. Kxf2 {[%clk 00:46:29]} {[%emt 00:00:14]} Ne4+ {[%clk 00:28:30]}
{[%emt 00:00:04]} 21. Ke3 {[%clk 00:44:02]} {[%emt 00:02:58]} Qc5+ {[%clk
00:18:59]} {[%emt 00:10:02]} 22. Kxe4 {[%clk 00:42:59]} {[%emt 00:01:32]} Bc6+
{[%clk 00:01:41]} {[%emt 00:17:48]} 23. Kf4 {[%clk 00:42:39]} {[%emt 00:00:49]}
g5+ {[%clk 00:02:10]} {[%emt 00:00:02]} 24. Kg4 {[%clk 00:36:24]} {[%emt
00:06:44]} Qf5+ {[%clk 00:02:23]} {[%emt 00:00:18]} 25. Kh5 {[%clk 00:36:23]}
{[%emt 00:00:30]} Qg6+ {[%clk 00:02:52]} {[%emt 00:00:02]} 26. Kg4 {[%clk
00:36:30]} {[%emt 00:00:22]} f5+ {[%clk 00:03:03]} {[%emt 00:00:20]} 27. Kh3
{[%clk 00:36:44]} {[%emt 00:00:15]} Qh5+ {[%clk 00:03:26]} {[%emt 00:00:09]} 28.
Nh4 {[%clk 00:37:01]} {[%emt 00:00:13]} g4# {[%clk 00:03:49]} {[%emt 00:00:07]}
0-1

[Event "POHÁR města Říčany 2023"]
[Site "Městské kulturní středisko U labutě"]
[Date "2023.08.28"]
[Round "4.13"]
[White "Rousek, Jan"]
[Black "Migalko, Dmitriy"]
[Result "1/2-1/2"]
[WhiteElo "2028"]
[BlackElo "1670"]
[WhiteFideId "386669"]
[BlackFideId "34147489"]
[PlyCount "0"]
[EventDate "2023.08.26"]

1. d4 d5 2. Nf3 c6 3. g3 Nf6 4. c4 dxc4 5. Bg2 g6 6. O-O Bg7 7. a4 O-O 8. Na3
Be6 9. Ng5 Bd7 10. Nxc4 h6 11. Nf3 Na6 12. Nfe5 Ng4 13. Nxd7 Qxd7 14. h3 Nf6
15. e4 Rfd8 16. Be3 Qe6 17. Qc2 Rac8 18. Rfd1 b5 19. Na5 Qd7 20. Nb3 Qb7 21. Nc5
Nxc5 22. Qxc5 bxa4 23. Rxa4 e5 24. b4 Nd7 25. Qxa7 Qxa7 26. Rxa7 exd4 27. Bf4
Ra8 28. Rb7 Rab8 29. Rxb8 1/2-1/2

[Event "POHÁR města Říčany 2023"]
[Site "Městské kulturní středisko U labutě"]
[Date "2023.08.28"]
[Round "4.14"]
[White "Pecka, Jan"]
[Black "Svadlenka, Dominik"]
[Result "0-1"]
[WhiteElo "2004"]
[BlackElo "1515"]
[WhiteFideId "23712520"]
[BlackFideId "23716258"]
[PlyCount "0"]
[EventDate "2023.08.26"]

1. e4 c6 2. d4 d5 3. exd5 cxd5 4. Bd3 Nf6 5. c3 Nc6 6. Nd2 Bg4 7. Ngf3 e6
8. O-O Bd6 9. Re1 O-O 10. Nf1 a6 11. Ne3 Bxf3 12. Qxf3 b5 13. a3 Ne7 14. h4 Ng6
15. g3 Re8 16. Ng4 Nxg4 17. Qxg4 Nf8 18. Bh6 g6 19. h5 f5 20. Qf3 Qf6 21. hxg6
Nxg6 22. Bd2 Kh8 23. a4 bxa4 24. Rxa4 Rg8 25. c4 Nh4 26. Qe3 f4 27. Qxe6 Nf3+
28. Kh1 Qxe6 29. Rxe6 fxg3 30. fxg3 Rxg3 31. Be3 Rag8 32. Ra1 Rh3# 0-1

[Event "POHÁR města Říčany 2023"]
[Site "Městské kulturní středisko U labutě"]
[Date "2023.08.28"]
[Round "4.15"]
[White "Zemen, Pavel"]
[Black "Novotny, David"]
[Result "1/2-1/2"]
[WhiteElo "1785"]
[BlackElo "1985"]
[WhiteFideId "387410"]
[BlackFideId "374083"]
[PlyCount "0"]
[EventDate "2023.08.26"]

1. e4 c5 2. Nf3 Nc6 3. d4 cxd4 4. Nxd4 g6 5. c4 Bg7 6. Be3 Nf6 7. Nc3 O-O
8. Be2 d6 9. O-O Bd7 10. h3 Rc8 11. b3 a5 12. f4 Re8 13. Bf3 e5 14. Ndb5 exf4
15. Bxf4 Qb6+ 16. Kh1 Rcd8 17. Na4 Qa6 18. Nc7 Qa7 19. Nxe8 Nxe8 20. Rc1 Ne5
21. Nc3 Bc6 22. Nd5 Qc5 23. Rc2 Bxd5 24. exd5 Nf6 25. Bxe5 dxe5 26. Re1 Ne8
27. Qd2 Nd6 28. Qe3 b6 29. Qc1 f5 30. g4 e4 31. Bg2 Re8 32. Rce2 Kh8 33. Qg5 Qd4
34. gxf5 gxf5 35. Rf1 Bf6 36. Qh5 a4 37. Ree1 Qb2 38. Rxf5 Rg8 39. Re2 Nxf5
40. Qxf5 Qxe2 41. Qxf6+ Rg7 42. Qf8+ 1/2-1/2

[Event "POHÁR města Říčany 2023"]
[Site "Městské kulturní středisko U labutě"]
[Date "2023.08.28"]
[Round "4.16"]
[White "Mydlar, Matej"]
[Black "Madle, Robin"]
[Result "1-0"]
[WhiteElo "1668"]
[BlackElo "1899"]
[WhiteFideId "23735074"]
[BlackFideId "393886"]
[PlyCount "0"]
[EventDate "2023.08.26"]

1. e4 e6 2. d4 d5 3. Nd2 Nf6 4. e5 Nfd7 5. Ngf3 c5 6. c3 Nc6 7. Bd3 cxd4
8. cxd4 f6 9. exf6 Nxf6 10. O-O Bd6 11. Re1 O-O 12. Nb3 Qc7 13. Bg5 e5 14. dxe5
Nxe5 15. Bxf6 Rxf6 16. Nxe5 Bxe5 17. Qh5 Bxh2+ 18. Qxh2 Qxh2+ 19. Kxh2 Rxf2
20. Re8+ Kf7 21. Rae1 b6 22. Bxh7 a5 23. Bg8+ Kg6 24. Bxd5 Rb8 25. Be6 1-0

[Event "POHÁR města Říčany 2023"]
[Site "Městské kulturní středisko U labutě"]
[Date "2023.08.28"]
[Round "4.17"]
[White "Meca, Viktor ml."]
[Black "Topencik, Bruno"]
[Result "1-0"]
[WhiteElo "1421"]
[BlackElo "1897"]
[WhiteFideId "23739800"]
[BlackFideId "23716550"]
[PlyCount "0"]
[EventDate "2023.08.26"]

1. e4 e6 2. d4 d5 3. Nd2 c5 4. exd5 Qxd5 5. Ngf3 cxd4 6. Bc4 Qd6 7. O-O Nc6
8. Nb3 Nf6 9. Nbxd4 Nxd4 10. Nxd4 Bd7 11. Be3 Qc7 12. Qe2 a6 13. Rfe1 Be7
14. Nf5 exf5 15. Bb6 Qd6 16. Rad1 Nd5 17. Rxd5 Qf6 18. Bd4 Qe6 19. Re5 Qd6
20. Bc5 O-O-O 21. Bxd6 Bxd6 22. Re3 f4 23. Rd3 Bc6 24. Bxf7 f3 25. Qe6+ Kc7
26. gxf3 Rhf8 27. Red1 Rd7 28. Rxd6 1-0

[Event "POHÁR města Říčany 2023"]
[Site "Městské kulturní středisko U labutě"]
[Date "2023.08.28"]
[Round "4.18"]
[White "Cermak, Filip"]
[Black "Skokan, Frantisek"]
[Result "0-1"]
[WhiteElo "1403"]
[BlackElo "1881"]
[WhiteFideId "23739096"]
[BlackFideId "327492"]
[PlyCount "0"]
[EventDate "2023.08.26"]

1. c4 g6 2. d4 Bg7 3. e4 d6 4. Nf3 Nf6 5. Nc3 O-O 6. g3 c6 7. Bg2 Nbd7 8. O-O
Qc7 9. Rb1 e5 10. d5 Nc5 11. Re1 a5 12. b3 cxd5 13. cxd5 Bd7 14. Bb2 Nh5 15. Nh4
Qd8 16. Ba3 b6 17. Rc1 Nf4 18. Bxc5 bxc5 19. Bf3 Nh3+ 20. Kg2 Qg5 21. Be2 Nf4+
22. Kg1 f5 23. Bf1 Qh6 24. exf5 gxf5 25. Bb5 Be8 26. Bc6 Ra7 27. Nb5 Nh3+
28. Kg2 Raf7 29. Nxd6 Qxd6 30. Kxh3 f4 31. g4 f3 32. Rc4 h5 33. Ree4 hxg4+
34. Rxg4 Rf4 35. Rcxf4 Rxf4 0-1

[Event "POHÁR města Říčany 2023"]
[Site "Městské kulturní středisko U labutě"]
[Date "2023.08.28"]
[Round "4.19"]
[White "Rodshtein, Tereza"]
[Black "Kovar, Jan"]
[Result "1-0"]
[WhiteElo "2203"]
[BlackElo "1810"]
[WhiteFideId "325449"]
[BlackFideId "354015"]
[PlyCount "0"]
[EventDate "2023.08.26"]

1. e4 e6 2. Nf3 d5 3. e5 c5 4. b4 d4 5. bxc5 Bxc5 6. Ba3 Qa5 7. Qc1 Nc6 8. Bxc5
Qxc5 9. Qa3 Nb4 10. Bd3 Ne7 11. O-O Nxd3 12. Qxd3 Nc6 13. Re1 Bd7 14. c3 dxc3
15. Nxc3 Nb4 16. Qb1 Bc6 17. Ne4 Bxe4 18. Qxe4 Nd5 19. Rab1 Rb8 20. Qg4 O-O
21. Ng5 Qe7 22. Qh5 h6 23. Ne4 Nf4 24. Qg4 Ng6 25. d4 Rfc8 26. g3 Rc2 27. h4
Rbc8 28. h5 Nf8 29. Qf3 b6 30. a3 Ra2 31. Rb3 Rcc2 32. Qe3 Qc7 33. Qf3 Nh7
34. Qf4 Qc6 35. Rf3 Qc7 36. Kg2 Qd7 37. Rd1 Qe7 38. d5 exd5 39. Rxd5 Rc7
40. Rfd3 Nf8 41. Nf6+ Kh8 42. Rd8 Rac2 43. Re8 Qc5 44. Red8 Qc6+ 45. Kh2 1-0